Sweet tyranny (Record no. 216556)
[ view plain ]
| 000 -LEADER | |
|---|---|
| fixed length control field | 02174nam a2200469Ia 4500 |
| 082 04 - DEWEY DECIMAL CLASSIFICATION NUMBER | |
| Classification number | 331.5/440977 |
| 100 1# - MAIN ENTRY--AUTHOR NAME | |
| Personal name | Mapes, Kathleen, |
| 245 10 - TITLE STATEMENT | |
| Title | Sweet tyranny |
| 260 ## - PUBLICATION, DISTRIBUTION, ETC. (IMPRINT) | |
| Place of publication | Urbana : |
| Name of publisher | University of Illinois Press, |
| Year of publication | c2009. |
| 300 ## - PHYSICAL DESCRIPTION | |
| Number of Pages | xi, 307 p. : |
| Other physical details | ill., maps. |
| 490 1# - SERIES STATEMENT | |
| Series statement | The working class in American history |
| 650 #0 - SUBJECT ADDED ENTRY--TOPICAL TERM | |
| Topical Term | Migrant agricultural laborers |
| Topical Term | Child migrant agricultural laborers |
| Topical Term | Agricultural laborers, Foreign |
| Topical Term | Rural industries |
| Topical Term | Industrialization |
| Topical Term | Agriculture and politics |
| Topical Term | Agriculture |
| Topical Term | Imperialism |
| 856 40 - ELECTRONIC LOCATION AND ACCESS | |
| Uniform Resource Identifier | http://site.ebrary.com/lib/rucke/Doc?id=10593745 |
No items available.
